[Event "CZE-ch U12"]
[Site "Harrachov"]
[Date "2024.11.02"]
[Round "9"]
[White "Strazhnyk, Yevhen"]
[Black "Melicharova, Veronika"]
[Result "0-1"]
[WhiteElo "1573"]
[BlackElo "1658"]
[PlyCount "56"]
[EventDate "2024.10.26"]
[EventType "swiss"]
[EventRounds "9"]
[EventCountry "CZE"]
[SourceTitle "CB45_2024"]
[Source "ChessBase"]
[SourceDate "2024.11.06"]
[SourceVersion "1"]
[SourceVersionDate "2024.11.06"]
[SourceQuality "1"]

1. e4 c5 2. Nf3 e6 3. d4 cxd4 4. Nxd4 Nf6 5. Nc3 Nc6 6. Be3 Bb4 7. f3 d5 8. Qd3 Qa5 9. a3 Bxc3+ 10. bxc3 dxe4 11. fxe4 0-0 12. Bd2 Rd8 13. Be2 Ne7 14. Qe3 Qe5 15. Bd3 b6 16. Nf3 Qc7 17. Ng5 h6 18. e5 Ng4 19. Qe4 Qxe5 20. Qxe5 Nxe5 21. Be4 N7c6 22. Nh3 Bb7 23. Bf4 Nc4 24. Nf2 e5 25. Bc1 Nd6 26. Bf3 e4 27. Nxe4 Nxe4 28. Bxe4 Re8 0-1

[Event "CZE-ch U12"]
[Site "Harrachov"]
[Date "2024.10.30"]
[Round "6"]
[White "Koukola, Stepan"]
[Black "Strazhnyk, Yevhen"]
[Result "0-1"]
[WhiteElo "1495"]
[BlackElo "1573"]
[PlyCount "46"]
[EventDate "2024.10.26"]
[EventType "swiss"]
[EventRounds "9"]
[EventCountry "CZE"]
[SourceTitle "CB45_2024"]
[Source "ChessBase"]
[SourceDate "2024.11.06"]
[SourceVersion "1"]
[SourceVersionDate "2024.11.06"]
[SourceQuality "1"]

1. e4 e5 2. Nc3 Nf6 3. f4 d5 4. fxe5 Nxe4 5. Nf3 Be7 6. g3 0-0 7. Bg2 Bg4 8. 0-0 Nc6 9. Qe2 Bc5+ 10. Kh1 Nd4 11. Qe1 Nxc2 12. Qe2 Nxc3 13. dxc3 Nxa1 14. Bf4 Re8 15. Rxa1 f6 16. Qb5 Bxf3 17. Bxf3 fxe5 18. Bxe5 Rxe5 19. Qxc5 c6 20. Rd1 Qe7 21. Qf2 a6 22. Kg2 Rf8 23. Qb6 Re2+ 0-1